000 00426nam a22001697a 4500
003 OSt
005 20260127115724.0
008 260127b |||||||| |||| 00| 0 eng d
020 _a9788190891851
040 _bENG
_cHDL
100 _aNaqi Husain , Jafri ,
_91112063
245 _aEssays Literature History and Society :
300 _axi,218p.
651 _aIndia.
_91112064
942 _2CC
_cTEXL
_n1
999 _c1678234
_d1678234